000 01107pam a2200289 a 4500
999 _c7323
_d7323
001 3959816
003 OSt
005 20211004122848.0
008 940405s1994 nyu b 000 0 eng
010 _a 94015950
020 _a0449907457
040 _aDLC
_cDDC
_dDLC
050 0 0 _aR692
_b.L38 1994
082 0 0 _a632.1LAU 1994
100 1 _aLaurence,Leslie; Weinhouse,Beth;
_915010
245 1 0 _aOutrageous practices.
_bThe alarming truth about how medicine mistreats women.
_cEdited by Laurence,Leslie and Weinhouse,Beth;
250 _a1st ed.
260 _aNew York :
_bFawcett Columbine,
_cc1994.
300 _axi,434p.
_c24cm.
_bill;
504 _aIncludes; bibliographical references (p. 355-417) and index.
650 0 _aBiology
_95602
700 1 _aWeinhouse, Beth.
_915011
856 4 2 _3Publisher description
_uhttp://www.loc.gov/catdir/description/random0412/94015950.html
906 _a7
_bcbc
_corignew
_d1
_eocip
_f19
_gy-gencatlg
942 _2ddc
_cO_SHELF